00326pab a2200133 454500008004000000100002100040245004700061260000900108300001300117362001100130650001400141700001700155773002000172180718b2011 xxu||||| |||| 00| 0 eng d aRajpurohit, B.S. aMisunderstanding education: Back to basics c2011 ap.25-29. a26 Sep aEducation aLatwal, G.S. aUniversity News